Italian Language Food - Statistics

General Stats
  • This quiz has been taken 96 times
    52 since last reset
  • The average score is 15 of 17
Answer Stats
Hint Answer % Correct
rice riso
100%
hungry affamata
94%
food cibo
94%
mushrooms funghi
94%
salad insalata
94%
bread pane
94%
sandwiches panini
94%
baked potato patata al forno
94%
peanut butter burro di arachidi
88%
salad dressing condimento per insalata
88%
jam marmellata
88%
soup minestra
88%
french fries patate fritte
88%
mashed potatoes pure di patate
88%
tortillas tortillas
88%
frozen dinner cena surgelata
76%
toast pane abbrustolito
76%
No matching quizzes found
Score Distribution
Percent of People with Each Score
Percentile by Number Answered
Your Score History
You have not taken this quiz since the last reset